Statystyki dla Napisz najmniejsze państwo które graniczy z podanym morzem

Kliknij tutaj aby rozwiązać quiz!

Ogólne statystyki

  • Ten quiz został rozwiązany 104 razy
  • Średni wynik to 7 z 14

Statystyki odpowiedzi

Morze/zatokaPaństwo% Poprawnych
BaltyckieDania
94%
CzerwoneDżibuti
71%
SrodziemneMonako
71%
CzarneGruzja
68%
AdriatyckieCzarnogóra
63%
EgejskieGrecja
52%
BeringaStany Zjednoczone
47%
MeksykańskaKuba
42%
KaraibskieSaint Kitts i Nevis
40%
Wschodnio ChińskieKorea południowa
37%
PółnocneBelgia
32%
GwinejskaWyspy Swietego Tomasza i Książeca
31%
Poludniowo ChinskieSingapur
28%
ArabskieMalediwy
23%

Rozkład punktacji

Percentyl według liczby udzielonych odpowiedzi

Procent ludzi z każdym wynikiem

Twoja historia wyników

Nie rozwiązałeś tego quizu